000 004150000a22001690004500
003 LK-CoMWRAF
008 230817t ||||| |||| 00| 0 eng d
020 _a9558938084
040 _aLK-CoMWRAF
_dLK-CoMWRAF
_eLK-CoMWRAF
041 _aeng
245 _aDhikr Remembrance of Allah
_b
260 _bDar ul Kitab
_aSri Lanka(Colombo)
_c
300 _ap.28
650 _aChildren's Book
650 _aIslam
942 _cBK
999 _c901
_d901